Pojišťovnictví v nových členských zemích Evropské unie

Podiel nových členských krajín Európskej únie na Jednotnom európskom poistnom trhu. Nízka úroveň poistenosti v nových členských krajinách EÚ v porovnaní s krajinami EÚ 15. Príčiny tejto nízkej úrovne. Podiel životného poistenia na celkovom predpísanom poistnom. Rýchlejší rast predpísaného poistného...

Descrizione completa

Salvato in:
Dettagli Bibliografici
Autore principale: Ducháčková, Eva
Natura: Capitolo di libro
Lingua:ceco
Soggetti:
Tags: Aggiungi Tag
Nessun Tag, puoi essere il primo ad aggiungerne!!

MARC

LEADER 00000naa$a2200000$$$4500
001 0044850
005 20230927102547.7
041 0 |a cze 
044 |a CZ 
245 1 0 |a Pojišťovnictví v nových členských zemích Evropské unie  |c Eva Ducháčková 
520 |a Podiel nových členských krajín Európskej únie na Jednotnom európskom poistnom trhu. Nízka úroveň poistenosti v nových členských krajinách EÚ v porovnaní s krajinami EÚ 15. Príčiny tejto nízkej úrovne. Podiel životného poistenia na celkovom predpísanom poistnom. Rýchlejší rast predpísaného poistného v oblasti životného poistenia v novopristúpených krajinách EÚ. Potenciál pre ďalší rast poistných trhov v nových členských krajinách EÚ. 
610 2 0 |a poisťovníctvo 
610 2 0 |a poistenie 
610 2 0 |a poistné 
610 2 0 |a trh poistný 
610 2 0 |a poistenie životné 
610 2 0 |a krajiny vyspelé 
610 2 0 |a Európska únia 
100 1 |a Ducháčková, Eva